Medzinárodná úloha eura
Vznik a zavedenie eura. Výhody jednotnej meny. Úloha eura vo svete. Obavy z možného kolapsu eurozóny. Noví členova EÚ (2004) a euro.
Salvato in:
| Autore principale: | |
|---|---|
| Natura: | Capitolo di libro |
| Lingua: | slovacco |
| Soggetti: | |
| Tags: |
Nessun Tag, puoi essere il primo ad aggiungerne!!
|
MARC
| LEADER | 00000naa$a2200000$$$4500 | ||
|---|---|---|---|
| 001 | 0034109 | ||
| 005 | 20221207105148.0 | ||
| 041 | 0 | |a slo | |
| 044 | |a SK | ||
| 245 | 1 | 0 | |a Medzinárodná úloha eura |c Eva Jíchová |
| 520 | |a Vznik a zavedenie eura. Výhody jednotnej meny. Úloha eura vo svete. Obavy z možného kolapsu eurozóny. Noví členova EÚ (2004) a euro. | ||
| 610 | 2 | 0 | |a euro |
| 610 | 2 | 0 | |a eurozóna |
| 610 | 2 | 0 | |a Európska únia |
| 100 | 1 | |a Jíchová, Eva | |